00438nam a22001577a 4500003000400000005001700004008004100021020001800062040000900080082001700089100001900106245009000125250001200215260004400227300000900271OSt20210122120847.0191014b ||||| |||| 00| 0 eng d a9789352606238 coclc a172.2bKAR/E aKarthikeyan, M aEthics Integrity and Aptitude bFor Civil Services Main Examinations /cM Karthikeyan a2nd Ed. aChennai:bMcGraw Hill Education,c2017. a508p